[Event "Fredericia (Women)"]
[Site "Fredericia"]
[Date "2024.05.11"]
[Round "7"]
[White "Bochnickova, Simona"]
[Black "De Blecourt, Sandra"]
[Result "1-0"]
[WhiteElo "2032"]
[BlackElo "2054"]
[PlyCount "87"]
[EventDate "2024.05.08"]
[EventType "tourn"]
[EventRounds "9"]
[EventCountry "DEN"]
[SourceTitle "CB20_2024"]
[SourceDate "2024.05.16"]
[SourceVersion "1"]
[SourceVersionDate "2024.05.16"]
[SourceQuality "1"]

1. e4 c5 2. Nf3 e6 3. d4 cxd4 4. Nxd4 Nc6 5. Nc3 a6 6. Qd3 Nxd4 7. Qxd4 b5 8. Be2 Bb7 9. Be3 Ne7 10. 0-0 Nc6 11. Qd2 Qc7 12. Rad1 Rd8 13. Bg5 Be7 14. Bxb5 axb5 15. Nxb5 Qb8 16. Bxe7 Nxe7 17. Nd6+ Kf8 18. Qf4 f6 19. e5 Ng6 20. Qa4 Bc6 21. Qa3 Qa8 22. Qc5 Kg8 23. exf6 gxf6 24. Rd3 Qxa2 25. Re1 Kg7 26. f4 Ra8 27. f5 Qa5 28. Qf2 exf5 29. Nxf5+ Kf8 30. Rd6 Ne5 31. Rxf6+ Ke8 32. Nd6+ Kd8 33. Rxe5 Qxe5 34. Nf7+ Kc7 35. Nxe5 Ra1+ 36. Qf1 Rxf1+ 37. Kxf1 Be4 38. c3 Rb8 39. b4 Re8 40. Nf3 Bd3+ 41. Kf2 Re2+ 42. Kg3 Bg6 43. Nd4 Re3+ 44. Rf3 1-0

[Event "DEN-ch (Women)"]
[Site "Copenhagen"]
[Date "2022.09.10"]
[Round "2"]
[White "De Blecourt, Sandra"]
[Black "Guindy, Esmat Susanne"]
[Result "1/2-1/2"]
[WhiteElo "2066"]
[BlackElo "2073"]
[PlyCount "127"]
[EventDate "2022.09.09"]
[EventType "tourn"]
[EventRounds "5"]
[EventCountry "DEN"]
[SourceTitle "EXT 2024"]
[Source "ChessBase"]
[SourceDate "2023.10.10"]
[SourceVersion "1"]
[SourceVersionDate "2023.10.10"]
[SourceQuality "1"]

1. d4 d5 2. c4 e6 3. Nc3 Nf6 4. cxd5 exd5 5. Bg5 c6 6. Qc2 h6 7. Bh4 Bd6 8. e3 Nbd7 9. Bd3 Qc7 10. Bg3 0-0 11. Nge2 Re8 12. 0-0 a6 13. Rfe1 Nf8 14. b4 Be6 15. Na4 Ne4 16. Bxe4 dxe4 17. Nc5 Bd5 18. Bxd6 Qxd6 19. Nxb7 Qxb4 20. Nc5 Ne6 21. Nxe4 Bxe4 22. Qxe4 c5 23. Qb1 Qxb1 24. Raxb1 cxd4 25. exd4 Rad8 26. Red1 Rd5 27. Rd2 Rc8 28. f3 Rc4 29. Rbd1 f5 30. g3 g5 31. f4 Kf7 32. Kf2 Ke7 33. Rd3 Rc2 34. R1d2 Rxd2 35. Rxd2 Kd6 36. Ke3 Ra5 37. Nc3 Nc7 38. Rc2 Ra3 39. Kd2 gxf4 40. gxf4 Nd5 41. Ne2 Rh3 42. Rc8 Rxh2 43. Rd8+ Kc6 44. Kd3 Nb4+ 45. Kc4 Rxe2 46. Kxb4 Re4 47. Rh8 Rxd4+ 48. Kc3 Rxf4 49. Rxh6+ Kb5 50. Rf6 a5 51. Rf8 Ka4 52. Kd3 Ka3 53. Ke3 Re4+ 54. Kd3 Re5 55. Kd4 Rb5 56. Kc4 Rb4+ 57. Kc3 f4 58. Ra8 Ra4 59. Rh8 Kxa2 60. Rh2+ Ka3 61. Rh1 Ka2 62. Rh2+ Ka1 63. Rh1+ Ka2 64. Rh2+ 1/2-1/2

[Event "EU-ch Online U2300 Qual"]
[Site "Chess.com INT"]
[Date "2020.05.25"]
[Round "4"]
[White "De Blecourt, Sandra"]
[Black "Dornbusch, Tatiana"]
[Result "0-1"]
[WhiteElo "2038"]
[BlackElo "2268"]
[PlyCount "62"]
[EventDate "2020.05.25"]
[EventType "swiss"]
[EventRounds "8"]
[EventCountry "NET"]
[SourceTitle "EXT 2021"]
[Source "ChessBase"]
[SourceDate "2020.10.23"]
[SourceVersion "1"]
[SourceVersionDate "2020.10.23"]
[SourceQuality "1"]

1. d4 Nf6 2. c4 c5 3. d5 b5 4. cxb5 a6 5. bxa6 g6 6. Nc3 Bxa6 7. e4 Bxf1 8. Kxf1 d6 9. Nf3 Qc8 10. Qe2 Bg7 11. a4 0-0 12. h4 Qa6 13. Qxa6 Nxa6 14. Bg5 Rfb8 15. Rb1 Rb4 16. e5 Ng4 17. Bxe7 Nxe5 18. Nd2 Nc4 19. Nxc4 Rxc4 20. Rh3 Be5 21. Nb5 Rxa4 22. Bxd6 Bxd6 23. Nxd6 Rd8 24. Nb5 Nb4 25. d6 Ra5 26. Na3 Ra4 27. Rd1 Nc6 28. Nb5 Rb4 29. Nc3 Rxb2 30. Nd5 Nd4 31. d7 Kg7 0-1

[Event "EU-ch Online U2300 Qual"]
[Site "Chess.com INT"]
[Date "2020.05.25"]
[Round "1"]
[White "De Blecourt, Sandra"]
[Black "Vuckovic, Marko1111"]
[Result "0-1"]
[WhiteElo "2038"]
[BlackElo "2059"]
[PlyCount "56"]
[EventDate "2020.05.25"]
[EventType "swiss"]
[EventRounds "8"]
[EventCountry "NET"]
[SourceTitle "EXT 2021"]
[Source "ChessBase"]
[SourceDate "2020.10.23"]
[SourceVersion "1"]
[SourceVersionDate "2020.10.23"]
[SourceQuality "1"]

1. d4 Nf6 2. c4 e6 3. Nc3 Bb4 4. e3 c5 5. Nge2 0-0 6. a3 Bxc3+ 7. Nxc3 b6 8. Be2 Bb7 9. Bf3 Bxf3 10. Qxf3 Nc6 11. dxc5 bxc5 12. 0-0 Na5 13. Qe2 Qb6 14. Rb1 Qb3 15. e4 Qxc4 16. Qf3 Nc6 17. Bg5 Nd4 18. Qe3 Ng4 19. Qh3 f5 20. Rbe1 Rae8 21. Bc1 Nf6 22. exf5 Nxf5 23. Bg5 d5 24. Kh1 Nd4 25. Be3 Nc2 26. Rc1 Nxe3 27. fxe3 Qd3 28. Rfd1 Qg6 0-1

[Event "DEN-ch rapid op"]
[Site "Hvidovre"]
[Date "2018.09.09"]
[Round "1"]
[White "De Blecourt, Sandra"]
[Black "Bromann, Thorbjorn"]
[Result "0-1"]
[WhiteElo "2075"]
[BlackElo "2379"]
[PlyCount "61"]
[EventDate "2018.09.09"]
[EventType "swiss (rapid)"]
[EventRounds "7"]
[EventCountry "DEN"]
[SourceTitle "EXT 2020"]
[Source "ChessBase"]
[SourceDate "2019.10.17"]
[SourceVersion "1"]
[SourceVersionDate "2019.10.17"]
[SourceQuality "1"]

1. d4 g6 2. c4 Bg7 3. Nc3 d6 4. e4 e5 5. d5 f5 6. g3 Nf6 7. Bg2 0-0 8. h4 a5 9. h5 gxh5 10. Bg5 h6 11. Bxf6 Qxf6 12. Qxh5 Na6 13. Nh3 Nc5 14. 0-0-0 Qf7 15. Qh4 Qf6 16. Qh5 Qf7 17. Qh4 Qg6 18. Bf3 fxe4 19. Bh5 Qf6 20. Qxf6 Rxf6 21. Nb5 Bxh3 22. Rxh3 Nd3+ 23. Rxd3 exd3 24. Nxc7 Rc8 25. Ne6 Rxc4+ 26. Kd2 e4 27. Ke3 Rc2 28. Kxe4 d2 29. Kd3 Rxb2 30. Rh4 Rf5 31. Rg4 0-1

[Event "Copenhagen Challenge"]
[Site "Ballerup"]
[Date "2018.04.29"]
[Round "9"]
[White "De Blecourt, Sandra"]
[Black "Pajeken, Jakob Leon"]
[Result "0-1"]
[WhiteElo "2075"]
[BlackElo "2152"]
[PlyCount "72"]
[EventDate "2018.04.25"]
[EventType "swiss"]
[EventRounds "9"]
[EventCountry "DEN"]
[SourceTitle "CBM 184 Extra"]
[Source "ChessBase"]
[SourceDate "2018.06.28"]
[SourceVersion "1"]
[SourceVersionDate "2018.06.28"]
[SourceQuality "1"]

1. d4 d5 2. c4 dxc4 3. e4 Nc6 4. d5 Ne5 5. Nf3 Bg4 6. Bf4 Ng6 7. Be3 Nf6 8. Nc3 e5 9. Bxc4 Nh4 10. Rg1 a6 11. Bg5 Ng6 12. Qb3 b5 13. Be2 h6 14. Bxf6 Qxf6 15. a4 b4 16. Nd1 Bd6 17. Ne3 Bd7 18. g3 0-0 19. h4 Rfc8 20. 0-0-0 Ne7 21. Kb1 g6 22. Rd2 Qg7 23. g4 Re8 24. Nf5 Nxf5 25. gxf5 Kh7 26. Rdd1 Qf6 27. Ng5+ Kg7 28. Ne6+ Kh8 29. Qe3 gxf5 30. exf5 Rg8 31. Bd3 fxe6 32. fxe6 Bxa4 33. Qe4 Rg7 34. Rde1 Bb5 35. Bc2 Rag8 36. h5 b3 0-1

[Event "Bronshoj Lang Weekend"]
[Site "Copenhagen"]
[Date "2018.02.18"]
[Round "6"]
[White "Mouritsen, Jan"]
[Black "De Blecourt, Sandra"]
[Result "0-1"]
[WhiteElo "1924"]
[BlackElo "2081"]
[PlyCount "58"]
[EventDate "2018.02.15"]
[EventType "swiss"]
[EventRounds "7"]
[EventCountry "DEN"]
[SourceTitle "CBM 183 Extra"]
[Source "ChessBase"]
[SourceDate "2018.04.19"]
[SourceVersion "1"]
[SourceVersionDate "2018.04.19"]
[SourceQuality "1"]

1. Nf3 d5 2. g3 c6 3. Bg2 Nd7 4. d3 e5 5. Nbd2 Ngf6 6. e4 dxe4 7. dxe4 Bc5 8. 0-0 0-0 9. h3 Re8 10. c3 a5 11. Qc2 Nh5 12. Kh2 b5 13. Nb3 Bb6 14. Qe2 a4 15. Nbd2 Ndf6 16. Rd1 Qc7 17. Nf1 Be6 18. Nxe5 Qxe5 19. f4 Qc7 20. e5 Bc4 21. Qc2 Nd5 22. Bxd5 Bxd5 23. g4 Rxe5 24. gxh5 Re7 25. Ng3 Rae8 26. h6 Bf3 27. Qf5 Bxd1 28. Qg5 f6 29. Qf5 Qd7 0-1

[Event "Fredericia cand"]
[Site "Fredericia"]
[Date "2016.05.08"]
[Round "4"]
[White "De Blecourt, Sandra"]
[Black "Kjaergaard Jensen, Jesper"]
[Result "1-0"]
[WhiteElo "2096"]
[BlackElo "2086"]
[PlyCount "95"]
[EventDate "2016.05.06"]
[EventType "swiss"]
[EventRounds "5"]
[EventCountry "DEN"]
[SourceTitle "EXT 2018"]
[Source "ChessBase"]
[SourceDate "2017.10.13"]
[SourceVersion "1"]
[SourceVersionDate "2017.10.13"]
[SourceQuality "1"]

1. d4 Nf6 2. c4 d6 3. Nc3 e5 4. Nf3 Nbd7 5. Bg5 Be7 6. e3 c6 7. Qc2 Qc7 8. 0-0-0 Nf8 9. c5 Ng6 10. cxd6 Bxd6 11. Bxf6 gxf6 12. Ne4 Be7 13. d5 Qa5 14. d6 Bd8 15. d7+ Bxd7 16. Nd6+ Ke7 17. Bc4 Be6 18. Nxb7 Qb6 19. Bxe6 fxe6 20. Nc5 Kf7 21. Rd7+ Be7 22. Rb7 Qa5 23. Qc4 Rhd8 24. Nxe6 Rd5 25. e4 Kxe6 26. Qxc6+ Rd6 27. Qc4+ Rd5 28. Qxd5+ Qxd5 29. exd5+ Kxd5 30. Rd1+ Ke6 31. Rdd7 Bc5 32. Rxh7 Bxf2 33. Nd2 Rd8 34. Kc2 f5 35. Rhc7 Rd6 36. Nc4 Ra6 37. a3 f4 38. Kd2 Bd4 39. Ke2 Nh4 40. Rh7 Nf5 41. Nd2 Nd6 42. Rh6+ Kd5 43. Rd7 Bxb2 44. Rdxd6+ Rxd6 45. Rxd6+ Kxd6 46. Nc4+ Kc5 47. Nxb2 Kd4 48. Nd3 1-0

[Event "Fredericia cand"]
[Site "Fredericia"]
[Date "2016.05.06"]
[Round "1"]
[White "De Blecourt, Sandra"]
[Black "Thogersen, Rasmus"]
[Result "1/2-1/2"]
[WhiteElo "2096"]
[BlackElo "2205"]
[PlyCount "52"]
[EventDate "2016.05.06"]
[EventType "swiss"]
[EventRounds "5"]
[EventCountry "DEN"]
[SourceTitle "EXT 2018"]
[Source "ChessBase"]
[SourceDate "2017.10.13"]
[SourceVersion "1"]
[SourceVersionDate "2017.10.13"]
[SourceQuality "1"]

1. d4 Nf6 2. c4 g6 3. Nc3 Bg7 4. e4 d6 5. Bd3 0-0 6. Nge2 Nc6 7. 0-0 Nh5 8. Bc2 e5 9. d5 Ne7 10. Bg5 f6 11. Bd2 f5 12. exf5 gxf5 13. Ng3 Nxg3 14. fxg3 Ng6 15. Qh5 e4 16. Rae1 Ne5 17. Bg5 Qd7 18. Nxe4 Nxc4 19. Nf6+ Bxf6 20. Bxf6 Rxf6 21. Re8+ Kg7 22. Bxf5 Rxf5 23. Rxf5 Qxf5 24. Re7+ Kg8 25. Re8+ Kg7 26. Re7+ Kg8 1/2-1/2

[Event "EU-chT (Women) 20th"]
[Site "Reykjavik"]
[Date "2015.11.16"]
[Round "4.12"]
[White "Krivec, Jana"]
[Black "De Blecourt, Sandra"]
[Result "1-0"]
[WhiteElo "2259"]
[BlackElo "2141"]
[PlyCount "61"]
[EventDate "2015.11.13"]
[EventType "team-swiss"]
[EventRounds "9"]
[EventCountry "ISL"]
[SourceTitle "CBM 169 Extra"]
[Source "ChessBase"]
[SourceDate "2015.12.18"]
[SourceVersion "1"]
[SourceVersionDate "2015.12.18"]
[SourceQuality "1"]
[WhiteTeam "Slovenia (W)"]
[BlackTeam "Denmark (W)"]
[WhiteTeamCountry "SLO"]
[BlackTeamCountry "DEN"]

1. e4 c5 2. Nc3 Nc6 3. Bb5 Nd4 4. Nf3 e6 5. 0-0 Ne7 6. Nxd4 cxd4 7. Ne2 a6 8. Bd3 d5 9. e5 Nc6 10. f4 Nb4 11. a3 Nxd3 12. cxd3 Bd7 13. Kh1 Qb6 14. b4 Bb5 15. Qb3 a5 16. Bb2 axb4 17. axb4 Rxa1 18. Rxa1 Ba6 19. Rc1 Kd7 20. Bxd4 Qb5 21. Qc2 Qc6 22. Bc3 Qb5 23. Nd4 Qxd3 24. Qa4+ Kd8 25. b5 Bc5 26. bxa6 Bxd4 27. Bxd4 Qxa6 28. Qxa6 bxa6 29. Bb6+ Kd7 30. Rc7+ Kd8 31. Ra7+ 1-0

[Event "EU-chT (Women) 20th"]
[Site "Reykjavik"]
[Date "2015.11.15"]
[Round "3.10"]
[White "De Blecourt, Sandra"]
[Black "Newrkla, Katharina"]
[Result "0-1"]
[WhiteElo "2141"]
[BlackElo "2206"]
[PlyCount "78"]
[EventDate "2015.11.13"]
[EventType "team-swiss"]
[EventRounds "9"]
[EventCountry "ISL"]
[SourceTitle "CBM 169 Extra"]
[Source "ChessBase"]
[SourceDate "2015.12.18"]
[SourceVersion "1"]
[SourceVersionDate "2015.12.18"]
[SourceQuality "1"]
[WhiteTeam "Denmark (W)"]
[BlackTeam "Austria (W)"]
[WhiteTeamCountry "DEN"]
[BlackTeamCountry "AUT"]

1. d4 Nf6 2. c4 g6 3. Nc3 Bg7 4. e4 d6 5. Bd3 0-0 6. Nge2 Nc6 7. 0-0 Nd7 8. Bc2 e5 9. dxe5 dxe5 10. Be3 Nb4 11. Ba4 a5 12. a3 Na6 13. Bc2 c6 14. Rb1 Qe7 15. Qd2 Ndc5 16. Rfd1 Ne6 17. Bb6 Nac5 18. b4 axb4 19. axb4 Nd7 20. Be3 Rd8 21. Qe1 Ndf8 22. Rxd8 Qxd8 23. Rd1 Nd4 24. Nxd4 exd4 25. Ne2 Ne6 26. Bb1 Ra1 27. Nxd4 Nxd4 28. Kf1 Bg4 29. f3 Be6 30. Qc3 Rxb1 31. Rxb1 Nxf3 32. Qc2 Nxh2+ 33. Kg1 Ng4 34. Rd1 Qh4 35. Bb6 Qh2+ 36. Kf1 Qh1+ 37. Ke2 Qxg2+ 38. Kd3 Bxc4+ 39. Qxc4 Ne5+ 0-1

[Event "EU-chT (Women) 20th"]
[Site "Reykjavik"]
[Date "2015.11.14"]
[Round "2.2"]
[White "De Blecourt, Sandra"]
[Black "Puuska, Heini"]
[Result "1-0"]
[WhiteElo "2141"]
[BlackElo "1967"]
[PlyCount "159"]
[EventDate "2015.11.13"]
[EventType "team-swiss"]
[EventRounds "9"]
[EventCountry "ISL"]
[SourceTitle "EXT 2017"]
[Source "ChessBase"]
[SourceDate "2016.10.25"]
[SourceVersion "1"]
[SourceVersionDate "2016.10.25"]
[SourceQuality "1"]
[WhiteTeam "Denmark (W)"]
[BlackTeam "Finland (W)"]
[WhiteTeamCountry "DEN"]
[BlackTeamCountry "FIN"]

1. d4 Nf6 2. c4 c5 3. d5 b5 4. cxb5 a6 5. bxa6 g6 6. Nc3 Bg7 7. Nf3 0-0 8. e4 Qa5 9. Bd2 Bxa6 10. Be2 d6 11. 0-0 Nbd7 12. a4 Qb4 13. Bxa6 Rxa6 14. Qe2 Raa8 15. Rfe1 Qb3 16. Bc1 Rfb8 17. Ra3 Qb4 18. Qc2 c4 19. Na2 Qc5 20. Be3 Qc8 21. Rc3 Qb7 22. Rb1 Nxe4 23. Rxc4 Nec5 24. Rb4 Qa6 25. b3 Rc8 26. Bxc5 Rxc5 27. Qe4 Ne5 28. Nd4 Qd3 29. Nc6 Qxe4 30. Rxe4 Nxc6 31. dxc6 Rxc6 32. Rxe7 Rc2 33. Nb4 Rd2 34. Kf1 Bc3 35. Nc6 Rc8 36. Na7 Rc5 37. Re2 Rcd5 38. Rxd2 Rxd2 39. Nb5 Be5 40. Ke1 Ra2 41. g3 g5 42. Rd1 Rb2 43. Rd3 Kf8 44. Nc7 Ke7 45. b4 Kd7 46. Nd5 Kc6 47. b5+ Kc5 48. Ne3 Kb4 49. b6 Kxa4 50. Nc4 Rb4 51. Nxd6 Rxb6 52. Nxf7 Bf6 53. Rd6 Rxd6 54. Nxd6 Kb4 55. Ke2 Be7 56. Nf5 Bc5 57. Kf3 h5 58. Ne3 Kc3 59. Nd5+ Kd4 60. Nf6 h4 61. Kg4 hxg3 62. hxg3 Be7 63. Nh7 Ke5 64. Nxg5 Kf6 65. f4 Bb4 66. Ne4+ Kg6 67. f5+ Kh6 68. Kf3 Be7 69. g4 Bd8 70. Ke3 Bb6+ 71. Kd3 Bd8 72. Kc4 Kg7 73. Kd5 Kf7 74. g5 Bxg5 75. Nxg5+ Kf6 76. Ke4 Kxg5 77. Ke5 Kh6 78. Ke6 Kg7 79. Ke7 Kg8 80. f6 1-0

[Event "Politiken Cup 37th"]
[Site "Helsingor"]
[Date "2015.07.29"]
[Round "6"]
[White "Zude, Erik"]
[Black "De Blecourt, Sandra"]
[Result "1-0"]
[WhiteElo "2398"]
[BlackElo "2157"]
[PlyCount "115"]
[EventDate "2015.07.25"]
[EventType "swiss"]
[EventRounds "10"]
[EventCountry "DEN"]
[SourceTitle "CBM 167 Extra"]
[Source "ChessBase"]
[SourceDate "2015.09.14"]
[SourceVersion "1"]
[SourceVersionDate "2015.09.14"]
[SourceQuality "1"]

1. Nf3 d5 2. g3 Nf6 3. Bg2 e6 4. 0-0 Be7 5. c4 dxc4 6. Na3 Qd5 7. Qa4+ Bd7 8. Qxc4 Bxa3 9. Qxd5 exd5 10. bxa3 Nc6 11. Bb2 0-0 12. Rfc1 Rfe8 13. e3 Rac8 14. d3 b6 15. Bxf6 gxf6 16. Nd2 Ne7 17. d4 c6 18. Rc3 Nf5 19. Rac1 Nd6 20. a4 Kf8 21. Bf1 Ke7 22. a5 b5 23. Bd3 f5 24. Nb3 Nc4 25. Nc5 Be6 26. a6 Rb8 27. Rb3 Rb6 28. Rb4 Bc8 29. a4 bxa4 30. Rxa4 Nb2 31. Ra3 Nxd3 32. Rxd3 Kd6 33. Kg2 Re7 34. Ra3 f6 35. Ra2 Rg7 36. Kf3 Kc7 37. Rc3 Rb5 38. Rb3 Kb6 39. Rbb2 h6 40. Ke2 Re7 41. Kd2 Rg7 42. Kc3 Re7 43. Rxb5+ cxb5 44. Kb4 Rc7 45. Ra5 Bd7 46. Nxd7+ Rxd7 47. Rxb5+ Kxa6 48. Rb8 Rb7+ 49. Rxb7 Kxb7 50. Kc5 Ka6 51. Kxd5 Kb5 52. Ke6 a5 53. d5 a4 54. d6 a3 55. d7 a2 56. d8Q a1Q 57. Qd5+ Kb4 58. Qd4+ 1-0

[Event "Politiken Cup 37th"]
[Site "Helsingor"]
[Date "2015.07.25"]
[Round "1"]
[White "De Blecourt, Sandra"]
[Black "Maechel, Michael"]
[Result "1/2-1/2"]
[WhiteElo "2157"]
[BlackElo "1738"]
[PlyCount "58"]
[EventDate "2015.07.25"]
[EventType "swiss"]
[EventRounds "10"]
[EventCountry "DEN"]
[SourceTitle "CBM 167 Extra"]
[Source "ChessBase"]
[SourceDate "2015.09.14"]
[SourceVersion "1"]
[SourceVersionDate "2015.09.14"]
[SourceQuality "1"]

1. d4 Nf6 2. c4 Nc6 3. Nf3 e6 4. a3 a5 5. Nc3 d5 6. Bg5 Be7 7. e3 0-0 8. Qc2 Nb8 9. Bd3 h6 10. Bh4 Nbd7 11. 0-0 c6 12. cxd5 Nxd5 13. Bg3 Nxc3 14. Qxc3 Nf6 15. e4 Nh5 16. Nd2 Nxg3 17. hxg3 c5 18. dxc5 Bxc5 19. Nb3 Bb6 20. Rad1 Qg5 21. Be2 a4 22. Rd6 Ba7 23. Nd4 Qc5 24. Nb5 Qxc3 25. Nxc3 Bc5 26. Rd2 b6 27. Rc1 Bb7 28. Nb5 Bxe4 29. Rc4 Bd5 1/2-1/2

[Event "DEN-ch (Women)"]
[Site "Svendborg"]
[Date "2015.04.05"]
[Round "6"]
[White "De Blecourt, Sandra"]
[Black "Moller, Elisabeth Mechlenbu"]
[Result "1-0"]
[WhiteElo "2105"]
[BlackElo "1201"]
[PlyCount "27"]
[EventDate "2015.03.31"]
[EventType "swiss"]
[EventRounds "7"]
[EventCountry "DEN"]
[SourceTitle "EXT 2019"]
[Source "ChessBase"]
[SourceDate "2018.10.10"]
[SourceVersion "1"]
[SourceVersionDate "2018.10.10"]
[SourceQuality "1"]

1. d4 Nf6 2. Bg5 e6 3. e4 Be7 4. e5 Nd5 5. Bxe7 Nxe7 6. Nc3 0-0 7. Nf3 b6 8. Bd3 Bb7 9. Ng5 Ng6 10. Qg4 Na6 11. h4 f6 12. Nxh7 Ne7 13. Nxf6+ Rxf6 14. exf6 1-0

[Event "DEN-ch (Women)"]
[Site "Svendborg"]
[Date "2015.04.01"]
[Round "2"]
[White "De Blecourt, Sandra"]
[Black "Kakulidis, Ellen"]
[Result "1-0"]
[WhiteElo "2105"]
[BlackElo "1763"]
[PlyCount "125"]
[EventDate "2015.03.31"]
[EventType "swiss"]
[EventRounds "7"]
[EventCountry "DEN"]
[SourceTitle "EXT 2019"]
[Source "ChessBase"]
[SourceDate "2018.10.10"]
[SourceVersion "1"]
[SourceVersionDate "2018.10.10"]
[SourceQuality "1"]

1. d4 e6 2. c4 Nf6 3. Nc3 d5 4. cxd5 exd5 5. Bg5 Be7 6. Qc2 c6 7. e3 0-0 8. Bd3 Nbd7 9. h3 Re8 10. Nf3 Nf8 11. 0-0-0 Ne4 12. Bxe7 Qxe7 13. Bxe4 dxe4 14. Nd2 f5 15. g4 Nd7 16. Qb3+ Kh8 17. gxf5 Nf6 18. Rdg1 Bxf5 19. Rg5 Be6 20. Qd1 Bd5 21. Rhg1 Rg8 22. Re5 Qf7 23. Qa4 Nd7 24. Reg5 b5 25. Qa3 a5 26. Qd6 Nf6 27. Qg3 Ra7 28. Kb1 b4 29. Nxd5 cxd5 30. Rc1 h6 31. Qh4 Nh7 32. Rgg1 Rc7 33. Qg3 Rgc8 34. Nb3 Rxc1+ 35. Rxc1 Rxc1+ 36. Kxc1 a4 37. Nc5 a3 38. bxa3 bxa3 39. Kd2 Qa7 40. Ke2 Qb6 41. Kf1 Ng5 42. Kg2 Nf3 43. Nd7 Ne1+ 44. Kh2 Qb1 45. Qb8+ Qxb8+ 46. Nxb8 Nd3 47. Nc6 g5 48. Kg3 Kg7 49. f3 Kf7 50. fxe4 dxe4 51. Kg4 Kf6 52. Kh5 Nc1 53. Nb4 Nd3 54. Nc2 Kg7 55. Nxa3 Nb4 56. Nc4 Nxa2 57. Nd6 Nc3 58. Nf5+ Kf6 59. Nxh6 Nd5 60. Ng4+ Kf5 61. Kh6 Ne7 62. Kg7 Ng6 63. Nh6+ 1-0

[Event "Copenhagen Challenge"]
[Site "Ballerup"]
[Date "2014.05.17"]
[Round "7"]
[White "De Blecourt, Sandra"]
[Black "Karlsson, Ulf"]
[Result "1-0"]
[WhiteElo "2121"]
[BlackElo "1959"]
[PlyCount "115"]
[EventDate "2014.05.14"]
[EventType "swiss"]
[EventRounds "9"]
[EventCountry "DEN"]
[SourceTitle "CBM 160 Extra"]
[Source "ChessBase"]
[SourceDate "2014.07.01"]
[SourceVersion "1"]
[SourceVersionDate "2014.07.01"]
[SourceQuality "1"]

1. d4 d5 2. c4 e6 3. Nc3 c5 4. cxd5 exd5 5. Nf3 Nc6 6. g3 Nf6 7. Bg2 Be7 8. 0-0 0-0 9. Bg5 cxd4 10. Nxd4 h6 11. Be3 Re8 12. Nb3 Be6 13. Rc1 Qd7 14. Re1 Rad8 15. a3 Bh3 16. Nb5 Bxg2 17. Kxg2 a6 18. N5d4 Bd6 19. Qd3 Ne5 20. Qf5 Nc4 21. Bf4 Qxf5 22. Nxf5 Bxf4 23. gxf4 Nxb2 24. Nc5 b6 25. Nxa6 Nc4 26. Nc7 Rf8 27. Nxd5 Nxd5 28. Rxc4 Ra8 29. a4 Ra5 30. Rd1 Re8 31. e3 Nf6 32. Nd6 Rea8 33. Rdd4 Rd5 34. Rxd5 Nxd5 35. Kf3 Kf8 36. Ke4 Ra5 37. Nb5 Nf6+ 38. Ke5 Nd7+ 39. Kd6 Nc5 40. Nc3 f5 41. Kc6 Nxa4 42. Nxa4 b5 43. Rc5 Rxa4 44. Rxf5+ Ke7 45. Rxb5 Ra2 46. e4 Rxf2 47. Rb7+ Ke6 48. f5+ Kf6 49. Kd7 Rxh2 50. Rb6+ Kf7 51. e5 Rd2+ 52. Rd6 Re2 53. e6+ Kf8 54. Kd8 h5 55. Rd7 h4 56. e7+ Rxe7 57. Rxe7 h3 58. Re3 1-0

[Event "Copenhagen Challenge"]
[Site "Ballerup"]
[Date "2014.05.17"]
[Round "6"]
[White "Sahl, Bjarke"]
[Black "De Blecourt, Sandra"]
[Result "1-0"]
[WhiteElo "2368"]
[BlackElo "2121"]
[PlyCount "69"]
[EventDate "2014.05.14"]
[EventType "swiss"]
[EventRounds "9"]
[EventCountry "DEN"]
[SourceTitle "CBM 160 Extra"]
[Source "ChessBase"]
[SourceDate "2014.07.01"]
[SourceVersion "1"]
[SourceVersionDate "2014.07.01"]
[SourceQuality "1"]

1. e4 e6 2. d4 d5 3. e5 c5 4. c3 Nc6 5. Nf3 Bd7 6. a3 f6 7. Bb5 Nxe5 8. Bxd7+ Nxd7 9. 0-0 Qb6 10. dxc5 Bxc5 11. b4 Bd6 12. Be3 Qc7 13. Nd4 Kf7 14. f4 a6 15. Nd2 Ne7 16. Rc1 b5 17. a4 Nc6 18. axb5 Nxd4 19. cxd4 Qb8 20. Rc6 axb5 21. f5 Re8 22. Qh5+ Kg8 23. fxe6 Rxe6 24. Qxd5 Nf8 25. Ne4 Bxh2+ 26. Kh1 Qb7 27. Rfc1 Ra6 28. Kxh2 Raxc6 29. Nd6 Rcxd6 30. Qxb7 Rxe3 31. Rc7 Ne6 32. Rc8+ Rd8 33. Rxd8+ Nxd8 34. Qd7 Ne6 35. Qe8+ 1-0

[Event "Copenhagen Challenge"]
[Site "Ballerup"]
[Date "2014.05.16"]
[Round "5"]
[White "De Blecourt, Sandra"]
[Black "Subramanian, Aditya"]
[Result "1-0"]
[WhiteElo "2121"]
[BlackElo "1845"]
[PlyCount "79"]
[EventDate "2014.05.14"]
[EventType "swiss"]
[EventRounds "9"]
[EventCountry "DEN"]
[SourceTitle "CBM 160 Extra"]
[Source "ChessBase"]
[SourceDate "2014.07.01"]
[SourceVersion "1"]
[SourceVersionDate "2014.07.01"]
[SourceQuality "1"]

1. d4 Nf6 2. c4 e6 3. Nc3 Bb4 4. e3 0-0 5. Nge2 d5 6. a3 Bd6 7. Ng3 c6 8. Be2 e5 9. cxd5 exd4 10. Qxd4 cxd5 11. 0-0 Nc6 12. Qa4 Be5 13. Rd1 Bxc3 14. bxc3 Qe7 15. Bf3 Be6 16. Rb1 a6 17. Qf4 Rfd8 18. Nf5 Bxf5 19. Qxf5 Ne4 20. Bb2 g6 21. Qf4 Na5 22. Rd4 Nb3 23. Rb4 Nbc5 24. Rd1 b5 25. Qh6 f6 26. h4 Rd6 27. Qf4 f5 28. Rbd4 Rad8 29. Bxe4 fxe4 30. a4 Qe8 31. Ba3 Ne6 32. Qf6 Nxd4 33. Bxd6 Qd7 34. Be5 Ne6 35. Qh8+ Kf7 36. Qxh7+ Ke8 37. Qxg6+ Qf7 38. Qxf7+ Kxf7 39. axb5 axb5 40. Rb1 1-0

[Event "Copenhagen Challenge"]
[Site "Ballerup"]
[Date "2014.05.15"]
[Round "2"]
[White "Fries Nielsen, Jens Ove"]
[Black "De Blecourt, Sandra"]
[Result "1-0"]
[WhiteElo "2384"]
[BlackElo "2121"]
[PlyCount "55"]
[EventDate "2014.05.14"]
[EventType "swiss"]
[EventRounds "9"]
[EventCountry "DEN"]
[SourceTitle "CBM 160 Extra"]
[Source "ChessBase"]
[SourceDate "2014.07.01"]
[SourceVersion "1"]
[SourceVersionDate "2014.07.01"]
[SourceQuality "1"]

1. d4 d5 2. Nc3 Nf6 3. Bf4 Bf5 4. f3 e6 5. g4 Bg6 6. h4 h5 7. g5 Nh7 8. e4 Bb4 9. exd5 Qxd5 10. Qd2 Bxc3 11. bxc3 Nc6 12. Be3 0-0-0 13. c4 Qd6 14. Ne2 Rhe8 15. Rb1 Nf8 16. Bg2 e5 17. d5 Nd4 18. 0-0 Nxc2 19. Bxa7 b6 20. Bh3+ Kb7 21. Qa5 Nd4 22. Bxb6 cxb6 23. c5 Bxb1 24. Rxb1 Nxe2+ 25. Kf2 Nc3 26. c6+ Kb8 27. Rxb6+ Kc7 28. Rb7# 1-0